[Event "Plovdiv Tringov Memorial"]
[Site "Plovdiv"]
[Date "2009.02.07"]
[Round "9"]
[White "Yordanova, Svetla"]
[Black "Dilkov, Valentin"]
[Result "1-0"]
[WhiteElo "2202"]
[BlackElo "1953"]
[PlyCount "97"]
[EventDate "2009.02.01"]
[EventType "swiss"]
[EventRounds "9"]
[EventCountry "BUL"]
[SourceTitle "CBM 128 Extra"]
[Source "ChessBase"]
[SourceDate "2009.03.05"]
[SourceVersion "2"]
[SourceVersionDate "2009.03.25"]
[SourceQuality "1"]

1. e4 e6 2. d4 d5 3. Nd2 Nc6 4. Ngf3 b6 5. Bb5 Bd7 6. c3 Nb8 7. Bd3 c5 8. 0-0 Ne7 9. Re1 Bc6 10. Qe2 Ng6 11. g3 Be7 12. h4 Nd7 13. h5 Ngf8 14. e5 h6 15. Nf1 Nh7 16. Bf4 Ng5 17. N1h2 Qc7 18. Kg2 0-0-0 19. a4 c4 20. Bc2 Kb8 21. Reb1 Ka8 22. Nd2 Qb7 23. Kf1 Rhe8 24. Ng4 Nh3 25. Be3 f5 26. exf6 Bxf6 27. f4 e5 28. dxe5 Bxe5 29. Qh2 Nxf4 30. gxf4 Rf8 31. Kg1 Bd6 32. Rf1 Nf6 33. Nxf6 Rxf6 34. Bd4 Bc5 35. Nf3 Be8 36. Kh1 Bxd4 37. Nxd4 Bf7 38. Rae1 Qd7 39. Rg1 Re8 40. f5 Bg8 41. Nb5 Rxe1 42. Rxe1 Bf7 43. Nd4 Kb7 44. Re3 g5 45. hxg6 Bxg6 46. Qe2 Qc8 47. fxg6 Ka6 48. b4 Rf4 49. b5+ 1-0